Plants without leaves ; lichens, fungi, mosses, liverworts, slime-molds, algae, horsetails /

Bibliographic Details
Main Author: Hutchins, Ross E.
Format: Book
Language:English
Published: New York : Dodd, Mead, [1966]
Subjects:

MARC

Tag First Indicator Second Indicator Subfields
LEADER 00000cam a2200000 4500
001 in00000049584
005 20151007073644.0
008 750318s1966 nyua 00010 eng u
010 |a  66020449  
035 |a (OCoLC)01222595 
035 |9 AAF0121AM 
040 |c IGA  |d TXA  |d UtOrBLW 
049 |a TXAM  |c [459055] 
050 0 0 |a QK505  |b .H8 
082 0 |a 586 
092 |a 586  |b H974p, 1966 
100 1 |a Hutchins, Ross E. 
245 1 0 |a Plants without leaves ;  |b lichens, fungi, mosses, liverworts, slime-molds, algae, horsetails /  |c [by] Ross E. Hutchins. Photos by the author. 
264 1 |a New York :  |b Dodd, Mead,  |c [1966] 
300 |a 152 pages :  |b illustrations ;  |c 25 cm. 
336 |a text  |b txt  |2 rdacontent 
337 |a unmediated  |b n  |2 rdamedia 
338 |a volume  |b nc  |2 rdacarrier 
650 0 |a Cryptogams. 
999 |a MARS 
999 f f |s e281cb4a-c624-3090-8721-89ea60c2f632  |i 82b6cc8d-9f25-36d3-a0a5-24aacce412ba  |t 0 
952 f f |p ric  |a Texas A&M University  |b Rellis Campus  |c Joint Library Facility  |d Remote Storage  |t 0  |e QK505 .H8  |h Library of Congress classification  |i unmediated -- volume  |m A14800997131 
998 f f |a QK505 .H8  |t 0  |l Remote Storage